Loading...
| Fine Arts - Classical Music | 5 | 16.00 | 2,260% | 500% | 460% |
| Fine Arts - Other | 7 | 11.43 | 2,071% | 314% | 357% |
| Fine Arts - Painting & Sculpture | 4 | 12.50 | 4,050% | 175% | 175% |
| History - American | 5 | 12.00 | 720% | 340% | 200% |
| History - European | 4 | 12.50 | 100% | 225% | 600% |
| History - Other | 1 | 10.00 | 0% | 700% | 0% |
| History - World | 3 | 10.00 | 2,700% | 267% | 267% |
| Literature - American | 8 | 12.50 | 3,138% | 163% | 325% |
| Literature - British | 3 | 10.00 | 0% | 300% | 500% |
| Literature - European | 6 | 16.67 | 3,300% | 250% | 367% |
| Literature - World | 3 | 10.00 | 4,267% | 267% | 0% |
| Mythology | 4 | 7.50 | 1,700% | 0% | 200% |
| Other | 6 | 11.67 | 3,233% | 317% | 133% |
| Philosophy | 1 | 10.00 | 0% | 700% | 0% |
| Religion | 8 | 13.75 | 1,063% | 488% | 300% |
| Science - Biology | 4 | 7.50 | 0% | 175% | 450% |
| Science - Chemistry | 5 | 12.00 | 2,600% | 440% | 160% |
| Science - Other | 2 | 20.00 | 1,800% | 700% | 300% |
| Science - Physics | 7 | 8.57 | 2,829% | 114% | 114% |
| Social Science | 6 | 13.33 | 4,117% | 417% | 100% |